| 000 | 00599nam a2200205Ia 4500 | ||
|---|---|---|---|
| 005 | 20221212143232.0 | ||
| 008 | 131103s9999 xx 000 0 und d | ||
| 040 | _aLoreto College | ||
| 041 | _aEnglish | ||
| 082 |
_a821.91 _bYEA-UNT |
||
| 100 | _aUnterecker, John | ||
| 245 | 2 |
_aA reader's guide to William Butler Yeats _cJohn Unterecker |
|
| 260 |
_aLondon _bThames and Hudson _c1959 |
||
| 300 | _a310 p. | ||
| 504 | _aIncludes bibliographical references and index | ||
| 650 | _aEnglish Poetry | ||
| 651 | _aYeats, William Butler - History and Criticism | ||
| 850 | _aLCLIB | ||
| 942 | _cBK | ||
| 999 |
_c6637 _d57116 |
||